[Event "IX Weekend A"]
[Site "Porto Sant'Elpidio ITA"]
[Date "2006.11.19"]
[Round "3"]
[White "Ferri, Stefano"]
[Black "Rotoni, Matteo"]
[Result "1-0"]
[WhiteElo "2131"]
[BlackElo "2119"]
[PlyCount "89"]
[EventDate "2006.11.18"]

1. Nf3 d5 2. d4 Nc6 3. g3 Bg4 4. Bg2 Qd7 5. h3 Bf5 6. c3 f6 7. Qb3 O-O-O 8.
Nbd2 e5 9. g4 Be6 10. Nf1 h5 11. g5 h4 12. Be3 Na5 13. Qc2 Bf5 14. Qc1 Nc6 15.
N1d2 Kb8 16. Nb3 Bd6 17. a4 Be4 18. Kf1 Nge7 19. Nbd2 Bg6 20. a5 Nf5 21. Nb3 e4
22. Ne1 Nxe3+ 23. Qxe3 f5 24. f4 exf3 25. Qxf3 Ne7 26. Nc5 Bxc5 27. dxc5 f4 28.
Nd3 Bh5 29. Qf2 Nf5 30. Nxf4 Ng3+ 31. Kg1 Nxh1 32. Kxh1 Qf5 33. Qd4 Bf7 34. a6
b6 35. cxb6 cxb6 36. g6 Be8 37. Qxg7 Bc6 38. Rf1 Rhg8 39. Qe7 Rc8 40. Qd6+ Ka8
41. Ne6 Qxg6 42. Bxd5 Qe4+ 43. Bxe4 Bxe4+ 44. Rf3 Rc6 45. Qd7 1-0

[Event "IX Weekend A"]
[Site "Porto Sant'Elpidio ITA"]
[Date "2006.11.19"]
[Round "3"]
[White "Fratini, Mauro"]
[Black "Allegranti, Luca"]
[Result "0-1"]
[WhiteElo "1925"]
[BlackElo "2023"]
[PlyCount "72"]
[EventDate "2006.11.18"]

1. d4 f5 2. Nf3 Nf6 3. Bf4 g6 4. e3 Bg7 5. Bd3 d6 6. h3 O-O 7. Nbd2 Qe8 8. c4
a5 9. O-O Na6 10. a3 c6 11. b4 axb4 12. axb4 Bd7 13. Qb3 Nh5 14. c5+ Kh8 15.
Bh2 e5 16. Bxa6 bxa6 17. dxe5 dxe5 18. Rad1 Be6 19. Qc2 Bd5 20. e4 fxe4 21.
Nxe4 Nf4 22. Nd6 Qb8 23. Bxf4 Rxf4 24. Ng5 Rxb4 25. Qd2 Rf4 26. Rb1 Qf8 27. Rb7
h6 28. g3 Rf6 29. Nge4 Rxd6 30. cxd6 Bxe4 31. Qe3 Bd5 32. Rfb1 Qxd6 33. Qd2 Rf8
34. Qa5 Qf6 35. Qc5 Qf5 36. Qa7 Qxh3 0-1

[Event "IX Weekend A"]
[Site "Porto Sant'Elpidio ITA"]
[Date "2006.11.19"]
[Round "3"]
[White "Guglielmi, Dante"]
[Black "Rinaudo, Sergio"]
[Result "0-1"]
[WhiteElo "1960"]
[BlackElo "2131"]
[PlyCount "42"]
[EventDate "2006.11.18"]

1. c4 e5 2. Nc3 Nf6 3. g3 Bb4 4. Bg2 O-O 5. Nf3 e4 6. Nd4 Re8 7. O-O c6 8. Qc2
d5 9. cxd5 Bxc3 10. dxc3 Qxd5 11. Rd1 Qh5 12. h4 Nbd7 13. Bg5 h6 14. Be3 Nb6
15. Nb3 Nbd5 16. Bd4 e3 17. f4 Bf5 18. Qc1 Qxe2 19. Re1 Qf2+ 20. Kh2 Ng4+ 21.
Kh1 Qxg3 0-1

[Event "IX Weekend A"]
[Site "Porto Sant'Elpidio ITA"]
[Date "2006.11.19"]
[Round "3"]
[White "Paci, Stefano"]
[Black "Parrini, Daniele"]
[Result "1/2-1/2"]
[WhiteElo "2116"]
[BlackElo "1938"]
[PlyCount "102"]
[EventDate "2006.11.18"]

1. d4 Nf6 2. Nf3 g6 3. g3 Bg7 4. Bg2 O-O 5. O-O d6 6. c4 Nbd7 7. Nc3 e5 8. e4
exd4 9. Nxd4 Re8 10. h3 Nc5 11. Re1 a5 12. Nb3 Nfd7 13. Nxc5 Nxc5 14. Nd5 a4
15. Rb1 c6 16. Nf4 Be6 17. b4 axb3 18. axb3 Qc7 19. Bb2 Ra2 20. Bxg7 Kxg7 21.
b4 Nd7 22. Qd4+ Kg8 23. Red1 Ne5 24. Nxe6 Rxe6 25. c5 dxc5 26. bxc5 Re7 27. f4
Nd7 28. Qd6 Nf8 29. h4 Rd7 30. Qxc7 Rxc7 31. Bh3 Re7 32. e5 Ra5 33. Rbc1 Kg7
34. Rc3 f5 35. exf6+ Kxf6 36. Rd6+ Kf7 37. Rd2 Ne6 38. Bxe6+ Rxe6 39. Rd7+ Re7
40. Rd6 Re2 41. Rd7+ Ke8 42. Kf1 Rh2 43. Kg1 Kxd7 44. Kxh2 Ke6 45. g4 Kd5 46.
Kg3 Rxc5 47. Re3 b5 48. f5 gxf5 49. gxf5 b4 50. f6 Rc3 51. Rxc3 bxc3 1/2-1/2

[Event "IX Weekend A"]
[Site "Porto Sant'Elpidio ITA"]
[Date "2006.11.19"]
[Round "3"]
[White "Palmizi, Alessandro"]
[Black "Bonoli, Luciano"]
[Result "1-0"]
[WhiteElo "1877"]
[BlackElo "1850"]
[PlyCount "104"]
[EventDate "2006.11.18"]

1. e4 d6 2. d4 Nf6 3. Bd3 g6 4. f4 Bg7 5. e5 dxe5 6. dxe5 Ng4 7. Bb5+ Bd7 8.
Bxd7+ Qxd7 9. Qxd7+ Nxd7 10. h3 Nh6 11. Be3 Nf5 12. Bf2 h5 13. Nc3 O-O-O 14.
O-O-O e6 15. Nge2 h4 16. Kb1 a6 17. Ne4 Bh6 18. Rd3 Rhg8 19. Rhd1 Bg7 20. Ng5
Rgf8 21. Ng1 Bh6 22. N1f3 b6 23. Nxh4 Bxg5 24. Nxf5 gxf5 25. fxg5 Nxe5 26.
Rxd8+ Rxd8 27. Rxd8+ Kxd8 28. Kc1 f4 29. h4 Ng4 30. Bg1 Ke8 31. Kd2 Kf8 32. Kd3
f6 33. Ke4 fxg5 34. hxg5 e5 35. Kf3 Nf6 36. gxf6 Kf7 37. Bh2 Kxf6 38. Bxf4 exf4
39. Kxf4 c5 40. Ke4 Ke6 41. b3 b5 42. g4 a5 43. g5 b4 44. Kf4 c4 45. bxc4 a4
46. c5 Kd5 47. g6 Kxc5 48. g7 Kc4 49. g8=Q+ Kc3 50. Qb8 a3 51. Qb5 Kb2 52.
Qxb4+ Kxa2 1-0

[Event "IX Weekend A"]
[Site "Porto Sant'Elpidio ITA"]
[Date "2006.11.19"]
[Round "3"]
[White "Pierantozzi, Stanislao"]
[Black "Mircoli, Filippo"]
[Result "1-0"]
[WhiteElo "2044"]
[BlackElo "1824"]
[PlyCount "119"]
[EventDate "2006.11.18"]

1. d4 e6 2. Nf3 Nf6 3. c4 d5 4. e3 Bb4+ 5. Bd2 Nc6 6. Bxb4 Nxb4 7. Nc3 O-O 8.
Be2 b6 9. O-O Bb7 10. Rc1 Qe7 11. a3 Nc6 12. b4 Rad8 13. Qb3 dxc4 14. Qxc4 Nd5
15. Nxd5 exd5 16. Qc2 Rc8 17. Bd3 h6 18. Bb5 Nd8 19. Ne5 c5 20. Qf5 Ne6 21.
bxc5 bxc5 22. Bd3 Ng5 23. Qd7 Rfe8 24. Rxc5 Qxd7 25. Nxd7 Ne4 26. Rcc1 Re7 27.
Rxc8+ Bxc8 28. Ne5 Rc7 29. f3 Nd2 30. Rd1 Nc4 31. Nxc4 dxc4 32. Be4 c3 33. Rc1
f5 34. Bd3 Kf7 35. Kf2 g6 36. Ke2 Bd7 37. Kd1 Ba4+ 38. Bc2 Bb5 39. Bb3+ Kf6 40.
Kc2 g5 41. Re1 a5 42. a4 Ba6 43. e4 fxe4 44. fxe4 h5 45. e5+ Ke7 46. d5 Ke8 47.
d6 Rc6 48. Re3 Bb7 49. Bd5 Rb6 50. Bxb7 Rxb7 51. Kxc3 Kd7 52. Kd4 Rb2 53. Rg3
g4 54. h3 Ra2 55. Kd5 Rxa4 56. e6+ Ke8 57. Rc3 Kd8 58. e7+ Kd7 59. Rc7+ Ke8 60.
Rc8+ 1-0

[Event "IX Weekend A"]
[Site "Porto Sant'Elpidio ITA"]
[Date "2006.11.19"]
[Round "3"]
[White "Rinaudo, Andrea"]
[Black "Cerquitella, Luca"]
[Result "1-0"]
[WhiteElo "2122"]
[BlackElo "2188"]
[PlyCount "65"]
[EventDate "2006.11.18"]

1. e4 Nc6 2. Nc3 e5 3. Nf3 Nf6 4. Bb5 Bb4 5. O-O O-O 6. d3 Bxc3 7. bxc3 Qe7 8.
Bg5 d6 9. h3 Nd8 10. Bc4 Be6 11. Bb3 Bxb3 12. cxb3 Ne6 13. Be3 Nd7 14. d4 Qf6
15. dxe5 Nxe5 16. Nxe5 dxe5 17. Qg4 a5 18. Rfd1 a4 19. b4 Ra6 20. b5 Ra5 21.
Rd5 g6 22. Rad1 a3 23. Qg3 Nf4 24. Bxf4 exf4 25. Qd3 Qe6 26. c4 Ra4 27. Qc2
Raa8 28. Qc3 Rfe8 29. f3 Qb6+ 30. Kf1 c6 31. Qf6 Re6 32. Rd8+ Re8 33. R1d7 1-0

[Event "IX Weekend A"]
[Site "Porto Sant'Elpidio ITA"]
[Date "2006.11.19"]
[Round "3"]
[White "Spano' Cuomo, Gaetano"]
[Black "Giobbi, Costantino"]
[Result "1-0"]
[WhiteElo "1826"]
[BlackElo "1972"]
[PlyCount "32"]
[EventDate "2006.11.18"]

1. e4 c5 2. c4 Nc6 3. Nf3 d6 4. Nc3 Nf6 5. d3 g6 6. Be2 Bg7 7. O-O O-O 8. Bd2
a6 9. a3 Rb8 10. Rb1 b5 11. cxb5 axb5 12. b4 cxb4 13. axb4 d5 14. e5 Ne8 15. d4
Nc7 16. Qc1 16... Bd7 {phone default} 1-0

[Event "IX Weekend A"]
[Site "Porto Sant'Elpidio ITA"]
[Date "2006.11.19"]
[Round "3"]
[White "Voicu, Joan Paul"]
[Black "Marini, Paolo"]
[Result "1-0"]
[WhiteElo "1945"]
[BlackElo "1892"]
[PlyCount "79"]
[EventDate "2006.11.18"]

1. e4 e5 2. Nf3 Nc6 3. Bb5 a6 4. Ba4 Nf6 5. O-O Be7 6. Re1 b5 7. Bb3 d6 8. c3
O-O 9. h3 Nd7 10. d4 Bf6 11. a4 Bb7 12. d5 Ne7 13. Be3 g6 14. Nbd2 Bg7 15. Qe2
Rb8 16. axb5 axb5 17. Ba7 Ra8 18. Qxb5 Bc8 19. Ra2 f5 20. exf5 gxf5 21. Ng5 Nf6
22. Ne6 Bxe6 23. dxe6 Kh8 24. Nf3 Bh6 25. Qb7 Rg8 26. Rd1 Ng6 27. e7 Qxe7 28.
Bxg8 Rxg8 29. Ne1 Nf4 30. Kh2 Ne4 31. Be3 Qh4 32. Ra8 Bf8 33. Rxf8 Rxf8 34. Nf3
Qh6 35. Ra1 Qg7 36. Bxf4 exf4 37. Ra8 Nxf2 38. Rxf8+ Qxf8 39. Qd5 Qg8 40. Qd4+
1-0

[Event "IX Weekend A"]
[Site "Porto Sant'Elpidio ITA"]
[Date "2006.11.25"]
[Round "4"]
[White "Bertolini, Ettore"]
[Black "Spano' Cuomo, Gaetano"]
[Result "0-1"]
[WhiteElo "1927"]
[BlackElo "1826"]
[PlyCount "118"]
[EventDate "2006.11.18"]

1. c4 c5 2. g3 Nc6 3. Bg2 Nf6 4. b3 e6 5. Bb2 d5 6. e3 Be7 7. Ne2 O-O 8. O-O e5
9. cxd5 Nxd5 10. Na3 Bf6 11. Rc1 b6 12. f4 Bb7 13. Nc4 exf4 14. Nxf4 Nxf4 15.
Bxf6 Qxf6 16. Rxf4 Qe7 17. Qh5 g6 18. Qh6 Rad8 19. Re4 Qf6 20. Rf1 Qg7 21.
Qxg7+ Kxg7 22. a4 Rd3 23. Ref4 f6 24. Rb1 Nd8 25. Bf1 Rd7 26. b4 Ne6 27. Rf2
cxb4 28. Rxb4 Ng5 29. Bg2 Bxg2 30. Kxg2 Ne6 31. d4 Nc7 32. Ra2 Re8 33. Kf2 Re6
34. Nd2 Rxe3 35. Rxb6 axb6 36. Kxe3 Nd5+ 37. Kf2 Nc3 38. Ra3 Rxd4 39. Ke3 Rxd2
40. Rxc3 Rxh2 41. Rb3 Ra2 42. Rb4 h5 43. g4 hxg4 44. Rxg4 b5 45. axb5 Rb2 46.
Rd4 Rxb5 47. Rd7+ Kh6 48. Kf4 Rb4+ 49. Kg3 Kg5 50. Rd5+ f5 51. Rc5 Rb3+ 52. Kf2
Kg4 53. Rc4+ f4 54. Kg2 Rb2+ 55. Kg1 Kg3 56. Rc3+ f3 57. Rc1 g5 58. Kh1 g4 59.
Rg1+ Kh3 0-1

[Event "IX Weekend A"]
[Site "Porto Sant'Elpidio ITA"]
[Date "2006.11.25"]
[Round "4"]
[White "Bonoli, Luciano"]
[Black "Baleani, Emanuele"]
[Result "1-0"]
[WhiteElo "1850"]
[BlackElo "1807"]
[PlyCount "29"]
[EventDate "2006.11.18"]

1. c4 c5 2. g3 g6 3. Bg2 Bg7 4. Nc3 Nc6 5. Nf3 e6 6. O-O Nge7 7. Nb5 d5 8. cxd5
exd5 9. d4 a6 10. Na3 cxd4 11. Bg5 Qb6 12. Qd2 O-O 13. Bh6 Bxh6 14. Qxh6 Qxb2
15. Ng5 1-0

[Event "IX Weekend A"]
[Site "Porto Sant'Elpidio ITA"]
[Date "2006.11.25"]
[Round "4"]
[White "Briffault, Philippe"]
[Black "Paci, Stefano"]
[Result "1-0"]
[WhiteElo "1875"]
[BlackElo "2116"]
[PlyCount "116"]
[EventDate "2006.11.18"]

1. d4 Nf6 2. Nf3 g6 3. c4 Bg7 4. Nc3 c5 5. d5 d6 6. g3 Qb6 7. Nd2 O-O 8. Bg2 a6
9. a4 Nbd7 10. O-O Rb8 11. h3 Ne8 12. Ra3 Qd8 13. e4 Nc7 14. Qe2 b5 15. axb5
axb5 16. Nxb5 Nxb5 17. cxb5 Qb6 18. Rb3 Ne5 19. Kh2 Bd7 20. f4 c4 21. Rc3 Nd3
22. Nxc4 Nxc1 23. Rfxc1 Qxb5 24. R3c2 Rfc8 25. Qf2 Qb4 26. e5 Bf5 27. Rc3 h5
28. Qe2 Bd7 29. Be4 h4 30. gxh4 Bb5 31. Bd3 dxe5 32. fxe5 Bxc4 33. Bxc4 Qxb2
34. R1c2 Qa1 35. Rc1 Rb1 36. Rxb1 Qxc3 37. Bd3 Bxe5+ 38. Kh1 Kg7 39. Rg1 Rh8
40. h5 Qd4 41. Be4 Rb8 42. hxg6 f5 43. Bxf5 Rb2 44. Bc2 Qxd5+ 45. Rg2 Ra2 46.
Qe4 Ra1+ 47. Rg1 Rxg1+ 48. Kxg1 Qc5+ 49. Kg2 Bf6 50. Bd3 Qg5+ 51. Kf3 Qc1 52.
Kg2 Qd2+ 53. Kg3 Qg5+ 54. Kf3 Qc1 55. Qf5 Qh1+ 56. Kf4 Qc1+ 57. Kf3 Qh1+ 58.
Ke2 58... Qh2+ $139 1-0

[Event "IX Weekend A"]
[Site "Porto Sant'Elpidio ITA"]
[Date "2006.11.25"]
[Round "4"]
[White "Cerquitella, Luca"]
[Black "Voicu, Joan Paul"]
[Result "1/2-1/2"]
[WhiteElo "2188"]
[BlackElo "1945"]
[PlyCount "95"]
[EventDate "2006.11.18"]

1. e4 c5 2. Nf3 d6 3. d4 cxd4 4. Qxd4 a6 5. c4 Nc6 6. Qd2 g6 7. Nc3 Bh6 8. Qc2
Bg7 9. h3 Nf6 10. Be2 O-O 11. O-O Nd7 12. Be3 f5 13. exf5 Rxf5 14. Ng5 Nde5 15.
f4 Nf7 16. Nf3 e5 17. Nd5 exf4 18. Bb6 Qd7 19. Bd3 Rh5 20. Nxf4 Rh6 21. Be4 g5
22. Nd5 g4 23. hxg4 Qxg4 24. Nc7 Rb8 25. Ne8 Bh8 26. Be3 Rh5 27. Bd5 Be6 28.
Nc7 Bf5 29. Nh2 Nd4 30. Nxg4 Nxc2 31. Rxf5 Rxf5 32. Nh6+ Kf8 33. Nxf5 Nxa1 34.
Ne6+ Ke8 35. Ba7 Rc8 36. b3 Kd7 37. Bxb7 Re8 38. Ned4 Re5 39. Bxa6 Ra5 40. Bb5+
Kc8 41. Bb6 Rxa2 42. Bc6 Bxd4+ 43. Bxd4 Nc2 44. Bf6 Kc7 45. Bd5 Ne5 46. Be7 Ra6
47. Be4 Nb4 48. Kh2 1/2-1/2

[Event "IX Weekend A"]
[Site "Porto Sant'Elpidio ITA"]
[Date "2006.11.25"]
[Round "4"]
[White "Fioravanti, Emidio"]
[Black "Guglielmi, Dante"]
[Result "1-0"]
[WhiteElo "2058"]
[BlackElo "1960"]
[PlyCount "102"]
[EventDate "2006.11.18"]

1. e4 c5 2. Nf3 d6 3. d4 cxd4 4. Nxd4 Nf6 5. Nc3 a6 6. Bc4 b5 7. Bb3 Bb7 8. f3
g6 9. Be3 Bg7 10. Qd2 Nbd7 11. Bh6 O-O 12. h4 Nc5 13. Bxg7 Kxg7 14. Bd5 e6 15.
Bxb7 Nxb7 16. h5 Rh8 17. h6+ Kf8 18. O-O-O Rc8 19. g4 Qa5 20. Nb3 Qc7 21. Qf4
Nd7 22. Rh2 Ne5 23. Qf6 Rg8 24. Rhd2 Qe7 25. Qf4 g5 26. Qg3 Qf6 27. Nd4 Rg6 28.
Rh1 Rxh6 29. Rxh6 Qxh6 30. Rh2 Qg6 31. Rh5 Kg7 32. Nce2 Nc5 33. Kb1 h6 34. Qh2
Qf6 35. Rh3 Na4 36. Ng3 Kh7 37. Nh5 Qh8 38. Ng3 Nxg4 39. Qd2 Rc4 40. Nge2 Nf2
41. Rh2 Nxe4 42. fxe4 Qe5 43. Rf2 Rc7 44. Qd3 Nc5 45. Qe3 Qxe4 46. Qxe4+ Nxe4
47. Rg2 Rc4 48. c3 Rc5 49. Nc1 Kg7 50. Ncb3 Rc7 51. Re2 d5 1-0

[Event "IX Weekend A"]
[Site "Porto Sant'Elpidio ITA"]
[Date "2006.11.25"]
[Round "4"]
[White "Giobbi, Costantino"]
[Black "Colabrese, Cary"]
[Result "0-1"]
[WhiteElo "1972"]
[BlackElo "1775"]
[PlyCount "120"]
[EventDate "2006.11.18"]

1. d4 Nf6 2. Nf3 e6 3. c4 Bb4+ 4. Bd2 Qe7 5. Nc3 O-O 6. Qc2 d6 7. g3 Nc6 8. Bg2
e5 9. dxe5 dxe5 10. a3 Bxc3 11. Bxc3 a5 12. b3 Bg4 13. O-O Rfd8 14. e3 Rd7 15.
Qb2 Re8 16. h3 Bf5 17. Rfd1 h6 18. Rxd7 Nxd7 19. b4 axb4 20. axb4 Bd3 21. Nd2
Qe6 22. c5 Bb5 23. Kh2 Qg6 24. Be4 f5 25. Bd5+ Kh8 26. Nf3 Qh5 27. Nh4 f4 28.
Bf3 fxg3+ 29. fxg3 Qg5 30. Qc2 Ne7 31. Rd1 Qxe3 32. Re1 Qg5 33. Bd2 Qf6 34. Qe4
g5 35. Bh5 Bc6 36. Qe2 Rf8 37. Ng2 Qf2 38. Bc3 Bxg2 39. Bxe5+ Kh7 40. Qxf2 Rxf2
41. Kg1 Rd2 42. Bxc7 Nf5 43. Re2 Rxe2 44. Bxe2 Bxh3 45. Bf3 Nd4 46. Bxb7 Bf5
47. c6 Nf8 48. Bd6 Ng6 49. c7 Nb5 50. Bc5 Nxc7 51. Bc6 Ne6 52. Bd6 Nd4 53. Bd5
Bd3 54. Kf2 Nb5 55. Bc5 Kg7 56. Ke3 Bf1 57. Bd4+ Kf8 58. Bc5+ Ne7 59. Kf3 Nc7
60. Bc6 Kf7 0-1

[Event "IX Weekend A"]
[Site "Porto Sant'Elpidio ITA"]
[Date "2006.11.25"]
[Round "4"]
[White "Iaconi, Andrea"]
[Black "Bastarelli, Giuseppe"]
[Result "0-1"]
[WhiteElo "1910"]
[BlackElo "2200"]
[PlyCount "76"]
[EventDate "2006.11.18"]

1. d4 Nf6 2. c4 e6 3. Nc3 d5 4. Nf3 Be7 5. Bg5 Nbd7 6. e3 O-O 7. Bd3 dxc4 8.
Bxc4 c5 9. O-O a6 10. dxc5 Qa5 11. a3 Qxc5 12. Qe2 b5 13. Ba2 Bb7 14. Bh4 Qh5
15. Bg3 Nc5 16. Nd4 Qg6 17. Bb1 Nfe4 18. Nxe4 Nxe4 19. Bxe4 Bxe4 20. Rfd1 h5
21. Nf3 h4 22. Ne5 Qf5 23. Bf4 g5 24. g4 Qh7 25. Nd7 gxf4 26. Nxf8 Bxf8 27.
exf4 f5 28. f3 Bd5 29. Rac1 Qf7 30. Qf2 Bd6 31. gxf5 Qxf5 32. Qxh4 Bxf4 33. Rc3
Be5 34. Rcd3 Kf7 35. R1d2 Rg8+ 36. Kf1 Bc4 37. Ke2 Bf4 38. Qf2 Bxd2 0-1

[Event "IX Weekend A"]
[Site "Porto Sant'Elpidio ITA"]
[Date "2006.11.25"]
[Round "4"]
[White "Marini, Paolo"]
[Black "Fratini, Mauro"]
[Result "0-1"]
[WhiteElo "1892"]
[BlackElo "1925"]
[PlyCount "72"]
[EventDate "2006.11.18"]

1. e4 Nf6 2. Nc3 d5 3. exd5 Nxd5 4. Nxd5 Qxd5 5. d4 Nc6 6. Nf3 Bg4 7. Be2 O-O-O
8. c4 Qf5 9. Be3 Nb4 10. O-O e6 11. Rc1 h5 12. a3 Nc6 13. b4 a6 14. b5 axb5 15.
cxb5 Bxf3 16. Bxf3 Qxb5 17. Bxc6 bxc6 18. a4 Qd5 19. Qd3 Bd6 20. Qc3 Kd7 21. a5
Ra8 22. Ra1 Rhb8 23. a6 Rb3 24. Qc2 g6 25. Rfb1 Rxb1+ 26. Qxb1 Qb5 27. Qa2 f5
28. a7 Qd3 29. g3 h4 30. gxh4 f4 31. Bd2 Qh3 32. d5 f3 33. dxc6+ Ke8 34. Qxe6+
Qxe6 35. Re1 Qxe1+ 36. Bxe1 Rxa7 0-1

[Event "IX Weekend A"]
[Site "Porto Sant'Elpidio ITA"]
[Date "2006.11.25"]
[Round "4"]
[White "Mircoli, Filippo"]
[Black "Palmizi, Alessandro"]
[Result "1/2-1/2"]
[WhiteElo "1824"]
[BlackElo "1877"]
[PlyCount "52"]
[EventDate "2006.11.18"]

1. e4 d6 2. d4 g6 3. f4 Bg7 4. Nf3 e6 5. Nc3 Ne7 6. Bd3 a6 7. Be3 Nd7 8. Qd2 f5
9. O-O O-O 10. a4 b6 11. Bc4 Nf6 12. e5 Ne4 13. Nxe4 fxe4 14. Ng5 d5 15. Bb3 h6
16. Nh3 Nf5 17. Rac1 b5 18. g4 Nh4 19. Qe2 c6 20. Bf2 Nf3+ 21. Kg2 Rf7 22. Qe3
Qf8 23. c3 Qe7 24. Bg3 Bd7 25. Ng1 Nxg1 26. Kxg1 Raf8 1/2-1/2

[Event "IX Weekend A"]
[Site "Porto Sant'Elpidio ITA"]
[Date "2006.11.25"]
[Round "4"]
[White "Parrini, Daniele"]
[Black "Cesarini, Leopoldo"]
[Result "1/2-1/2"]
[WhiteElo "1938"]
[BlackElo "1930"]
[PlyCount "71"]
[EventDate "2006.11.18"]

1. e4 e6 2. d4 d5 3. e5 c5 4. c3 Nc6 5. Nf3 Bd7 6. Bd3 cxd4 7. cxd4 Nb4 8. Be2
Be7 9. O-O h5 10. a3 Nc6 11. b4 Nh6 12. Bb2 Nf5 13. Nbd2 g6 14. Nb3 Kf8 15. Qd2
Nh4 16. Nxh4 Bxh4 17. b5 Nb8 18. a4 Kg7 19. Nc5 Bc8 20. Rfc1 b6 21. Nd3 a5 22.
Rc3 Nd7 23. Ba3 Be7 24. Bxe7 Qxe7 25. Rac1 Rd8 26. Qb2 Bb7 27. Rc7 Rab8 28.
R1c3 Qg5 29. f4 Qf5 30. Nf2 Qxf4 31. Rf3 Qg5 32. Qa3 Bc8 33. Qc3 Bb7 34. Qa3
Bc8 35. Qc3 Bb7 36. Qa3 1/2-1/2

[Event "IX Weekend A"]
[Site "Porto Sant'Elpidio ITA"]
[Date "2006.11.25"]
[Round "4"]
[White "Rinaudo, Andrea"]
[Black "Ferri, Stefano"]
[Result "0-1"]
[WhiteElo "2122"]
[BlackElo "2131"]
[PlyCount "130"]
[EventDate "2006.11.18"]

1. e4 c5 2. Nf3 Nf6 3. Nc3 Nc6 4. d4 d5 5. exd5 Nxd5 6. Nxd5 Qxd5 7. dxc5 Qxd1+
8. Kxd1 Bg4 9. Be2 e5 10. h3 Bxf3 11. Bxf3 O-O-O+ 12. Bd2 Nd4 13. b4 Nxf3 14.
gxf3 b6 15. Ke2 bxc5 16. bxc5 Bxc5 17. Be3 Bxe3 18. fxe3 Rd6 19. Rhg1 g6 20. c4
Rhd8 21. Rgd1 Kc7 22. Rxd6 Rxd6 23. a4 Kc6 24. Rb1 f6 25. Rb5 a6 26. Ra5 Kb6
27. Rd5 Kc7 28. a5 Kc6 29. e4 Rd7 30. Kd3 Rb7 31. c5 Rb2 32. Rd6+ Kxc5 33. Rxa6
f5 34. exf5 gxf5 35. Rf6 Rb3+ 36. Ke2 f4 37. a6 Ra3 38. Rh6 Kd4 39. Rd6+ Kc4
40. Rc6+ Kd5 41. Rh6 Re3+ 42. Kf2 Ra3 43. Ke2 Kc5 44. Re6 Kd4 45. Rd6+ Kc4 46.
Rh6 Ra2+ 47. Kf1 Kd4 48. Re6 h5 49. h4 Ra1+ 50. Kf2 Ra2+ 51. Kg1 Ke3 52. Rxe5+
Kxf3 53. Rxh5 Rxa6 54. Rh8 Ra1+ 55. Kh2 Kf2 56. h5 f3 57. h6 Ra6 58. Kh3 Kf1
59. h7 f2 60. Re8 Rh6+ 61. Kg3 Kg1 62. Rg8 f1=Q 63. h8=Q Rxh8 64. Rxh8 Qd3+ 65.
Kg4 Qd4+ 0-1

[Event "IX Weekend A"]
[Site "Porto Sant'Elpidio ITA"]
[Date "2006.11.25"]
[Round "4"]
[White "Rinaudo, Sergio"]
[Black "Pierantozzi, Stanislao"]
[Result "0-1"]
[WhiteElo "2131"]
[BlackElo "2044"]
[PlyCount "96"]
[EventDate "2006.11.18"]

1. d4 d5 2. Nf3 Nf6 3. e3 e6 4. Bd3 c5 5. b3 Nc6 6. O-O Be7 7. Bb2 O-O 8. dxc5
Bxc5 9. c4 Nb4 10. Be2 b6 11. a3 Na6 12. b4 Be7 13. Qa4 Qe8 14. Qb3 Bb7 15.
Nbd2 dxc4 16. Bxc4 Rc8 17. Qd3 Nc7 18. Rac1 Qd7 19. Qe2 Rfd8 20. Ne5 Qxd2 21.
Rfd1 Qxe2 22. Rxd8+ Rxd8 23. Bxe2 Ncd5 24. Nc6 Bxc6 25. Rxc6 Kf8 26. Kf1 Bd6
27. h3 Ke7 28. Bb5 Nc7 29. Bd3 h6 30. Ke2 Kd7 31. Rc2 Nfe8 32. Rd2 Ke7 33. Rc2
b5 34. e4 e5 35. Ke3 a6 36. g3 Nf6 37. f4 Nd7 38. h4 f6 39. Rc6 Nb8 40. Rb6 Na8
41. Rb7+ Rd7 42. Rxd7+ Nxd7 43. Bc3 Nab6 44. Kf3 Na4 45. Be1 Nb2 46. Bf1 Nb6
47. Bc3 N2c4 48. Kg4 Ne3+ 0-1

[Event "IX Weekend A"]
[Site "Porto Sant'Elpidio ITA"]
[Date "2006.11.26"]
[Round "5"]
[White "Allegranti, Luca"]
[Black "Cerquitella, Luca"]
[Result "0-1"]
[WhiteElo "2023"]
[BlackElo "2188"]
[PlyCount "100"]
[EventDate "2006.11.18"]

1. d4 Nf6 2. Nf3 e6 3. e3 b6 4. Nbd2 Bb7 5. Bd3 c5 6. O-O Be7 7. b3 O-O 8. Bb2
d6 9. c4 Nbd7 10. a3 Re8 11. Qe2 Bf8 12. e4 cxd4 13. Nxd4 Nc5 14. Bc2 e5 15.
Nf5 Ne6 16. g3 Rc8 17. Rac1 g6 18. Ne3 Bh6 19. Nd5 Bxd5 20. exd5 Nc5 21. h4 b5
22. Rcd1 Ncd7 23. a4 bxa4 24. bxa4 Nb6 25. a5 Nbd7 26. Ba4 Qxa5 27. Bc6 Red8
28. g4 Bf4 29. g5 Nh5 30. Ne4 Nb8 31. Ra1 Qc7 32. Bb5 Nd7 33. Ra6 Nc5 34. Nxc5
Qxc5 35. Rfa1 Rc7 36. Qf3 Qb4 37. Ba3 Qd2 38. Rd1 Qc2 39. Qd3 Qxd3 40. Rxd3 e4
41. Rb3 Re7 42. Bb2 e3 43. fxe3 Bxe3+ 44. Kg2 Re4 45. Kf3 Rxh4 46. Rxe3 Rh3+
47. Ke4 Rh4+ 48. Kd3 Nf4+ 49. Kc3 Rc8 50. Kb4 Nxd5+ 0-1

[Event "IX Weekend A"]
[Site "Porto Sant'Elpidio ITA"]
[Date "2006.11.26"]
[Round "5"]
[White "Baleani, Emanuele"]
[Black "Marini, Paolo"]
[Result "0-1"]
[WhiteElo "1807"]
[BlackElo "1892"]
[PlyCount "88"]
[EventDate "2006.11.18"]

1. e4 e5 2. Nf3 Nc6 3. Bc4 Nf6 4. Ng5 d5 5. exd5 Na5 6. Bb5+ c6 7. dxc6 bxc6 8.
Qf3 Bd7 9. Bd3 Be7 10. c3 Nb7 11. O-O Nd6 12. Re1 h6 13. Ne4 Qc7 14. Nc5 O-O-O
15. Ba6+ Kb8 16. Rxe5 Rhe8 17. Bb5 Bc8 18. Bxc6 Ng4 19. Qxg4 Qxc6 20. Qb4+ Nb7
21. Rxe7 Qxc5 22. Qxc5 Nxc5 23. Rxe8 Rxe8 24. f3 Nd3 25. h3 Re1+ 26. Kh2 Rxc1
27. b4 Ne1 28. a4 Bf5 29. c4 Rxb1 30. Rxb1 Bxb1 31. Kg1 Ba2 32. c5 Nd3 33. Kf1
Nxb4 34. Ke2 Kc7 35. Ke3 Kc6 36. d4 a5 37. g3 Kd5 38. f4 Bb3 39. g4 Bxa4 40. h4
Nc2+ 41. Kd3 Nxd4 42. h5 Bd1 43. g5 hxg5 44. fxg5 Bxh5 0-1

[Event "IX Weekend A"]
[Site "Porto Sant'Elpidio ITA"]
[Date "2006.11.26"]
[Round "5"]
[White "Bastarelli, Giuseppe"]
[Black "Rinaudo, Andrea"]
[Result "1-0"]
[WhiteElo "2200"]
[BlackElo "2122"]
[PlyCount "61"]
[EventDate "2006.11.18"]

1. Nf3 Nf6 2. d4 d5 3. c4 e6 4. Nc3 Nbd7 5. Bg5 Be7 6. e3 O-O 7. Rc1 a6 8. a3
dxc4 9. Bxc4 b5 10. Bd3 c5 11. O-O Bb7 12. Qe2 c4 13. Bb1 h6 14. Bh4 Nd5 15.
Bxe7 Qxe7 16. e4 Nxc3 17. Rxc3 Rfd8 18. Kh1 Nb6 19. Rd1 a5 20. Ne5 Rd6 21. Rf3
Rf8 22. Qd2 Qd8 23. Rg3 Kh8 24. Ng4 Qg5 25. f4 Qd8 26. e5 Rd7 27. f5 Qg5 28.
Qf2 exf5 29. Nf6 Qxg3 30. hxg3 gxf6 31. Qxf5 1-0

[Event "IX Weekend A"]
[Site "Porto Sant'Elpidio ITA"]
[Date "2006.11.26"]
[Round "5"]
[White "Colabrese, Cary"]
[Black "Cesarini, Leopoldo"]
[Result "0-1"]
[WhiteElo "1775"]
[BlackElo "1930"]
[PlyCount "66"]
[EventDate "2006.11.18"]

1. d4 Nf6 2. c4 e6 3. Nc3 d5 4. e3 c6 5. Bd3 Bd6 6. h3 Nbd7 7. Nge2 b6 8. cxd5
exd5 9. O-O O-O 10. e4 dxe4 11. Nxe4 Be7 12. Qb3 Bb7 13. Be3 Nxe4 14. Bxe4 Nf6
15. Bf3 Qd7 16. Rfd1 h6 17. Ng3 Rfd8 18. Qd3 Nd5 19. Qf5 Qxf5 20. Nxf5 Bf8 21.
Bxd5 Rxd5 22. Ng3 Rad8 23. Rdc1 g6 24. Ne2 Bg7 25. Rab1 R5d7 26. b3 f5 27. f4
Re8 28. Kf2 Rde7 29. Rc3 Ba6 30. Rd1 c5 31. Ng1 Re4 32. Nf3 cxd4 33. Nxd4 Rd8
0-1

[Event "IX Weekend A"]
[Site "Porto Sant'Elpidio ITA"]
[Date "2006.11.26"]
[Round "5"]
[White "Ferri, Stefano"]
[Black "Pierantozzi, Stanislao"]
[Result "1-0"]
[WhiteElo "2131"]
[BlackElo "2044"]
[PlyCount "83"]
[EventDate "2006.11.18"]

1. Nf3 Nf6 2. g3 d5 3. Bg2 c5 4. d4 e6 5. O-O Nc6 6. c4 dxc4 7. Qa4 Bd7 8. dxc5
Bxc5 9. Qxc4 Qb6 10. Nc3 Na5 11. Qh4 Qb4 12. Qg5 O-O 13. a3 Qc4 14. Nd2 Qd4 15.
e3 Qd3 16. Qxc5 Nc6 17. Nde4 Nd5 18. Nxd5 exd5 19. Nc3 Be6 20. Bxd5 Bxd5 21.
Qxd5 Qg6 22. e4 Rad8 23. Qg5 Qe6 24. Be3 Ne5 25. Qf5 Qe7 26. Nd5 Qd6 27. Rad1
g6 28. Qf4 f5 29. Bd4 Rde8 30. Bxe5 Rxe5 31. Ne3 Qe7 32. exf5 gxf5 33. Rd5 Re4
34. Nxf5 Rxf4 35. Nxe7+ Kf7 36. gxf4 Kxe7 37. Re1+ Kf6 38. Ree5 Rb8 39. Rd6+
Kf7 40. f5 a6 41. Ree6 Kg8 42. Rd7 1-0